000 00362 a2200109 4500
001 ART_17493
005 20260410161923.0
008 260409a
245 1 0 _aStimulating the macro economy through state and local governments
100 1 _aGramlich, Edward M.
773 0 _tThe American Economic Review
_g- Vol. 69, NÂș 2 (mayo 1979)
_wREV16190
999 _c27884
_d27884